| 000 | 01144cam a22001934a 4500 | ||
|---|---|---|---|
| 005 | 20250605164208.0 | ||
| 008 | 250528s ||||||||||||||||||||||||d | ||
| 035 | _a20134 | ||
| 020 | _a28282 | ||
| 040 |
_aGR-AtMCL _bgre _dGR-AtMCL _eAACR2 |
||
| 245 | 1 | _aThe American Economic Review / Articles | |
| 260 |
_bΕκδόσεις Σταμούλη Α.Ε, _c2012 |
||
| 300 | _a608 | ||
| 520 | _aStatistical Modeling of Monetary Policy and its Effects, Targating the Poor: Evidence from a Field Experiment in Indonesia, Incentives Work: Getting Teachers to Come to School, Selective Trials: A Principal-Agent Approach to Randomized Controlled Experiments, Ethnicity and Conflict: An Empirical Study, Information and Animal Spirits and the Meaning of Innovations in Consumer Confidence, Understanding Bank Runs: The Importance of Depositor-Bank Relationships and Networks, Dynamics and Stability of Constitutions and Coalitions and Clubs, The Origins of Ethnolinguistic Diversity, Competitive Pressure and the Adoption of Complementary Innovations.. | ||
| 700 | 1 |
_aSims Christopher A _96186 |
|
| 942 | _cBK | ||
| 999 |
_c5273 _d5273 |
||